000 00715cam a2200229 4500
001 ABS63825
008 000000n2001 000 0 eng u
035 _a(Sirsi) u112437
100 _aExall, G.
245 _aCivil litigation brief
260 _c2001
490 _aSolicitors` Journal
_v145(16) 27 April 2001, 386-387(2)
520 _aStresses the importance of professional practices ensuring that contigency plans are in place for dealing with problem cases promptly and efficiently.
590 _aABS
650 _aCONTINGENCY PLANNING
650 _aRISK MANAGEMENT
650 _aPROCEDURES
650 _aFILES
650 _aLITIGATION
690 _aMANAGEMENT-BUSINESS MANAGEMENT
942 _n0
999 _c66925
_d66925